Cómo dibujar el desnudo femenino / (Record no. 146022)

MARC details
000 -LEADER
campo de control de longitud fija 00548nam a2200193 i 4500
001 - NÚMERO DE CONTROL
campo de control 146022
003 - IDENTIFICADOR DE NÚMERO DE CONTROL
campo de control ES-MaACL
005 - FECHA Y HORA DE LA ÚLTIMA TRANSACCIÓN
campo de control 20250815115931.0
007 - CAMPO FIJO DE DESCRIPCIÓN FÍSICA--INFORMACIÓN GENERAL
campo de control de longitud fija t|
008 - DATOS DE LONGITUD FIJA--INFORMACIÓN GENERAL
campo de control de longitud fija 071018s1971 mx ||||1| spa d
100 1# - ENTRADA PRINCIPAL--NOMBRE DE PERSONA
Nombre de persona Verduzco, Carlos.
9 (RLIN) 114062
245 10 - MENCIÓN DEL TÍTULO
Título Cómo dibujar el desnudo femenino /
Mención de responsabilidad, etc. Carlos Verduzco.
250 ## - MENCION DE EDICION
Mención de edición [1ª ed.].
260 ## - PUBLICACIÓN, DISTRIBUCIÓN, ETC.
Lugar de publicación, distribución, etc. México :
Nombre del editor, distribuidor, etc. Azor,
Fecha de publicación, distribución, etc. [1971]
300 ## - DESCRIPCIÓN FÍSICA
Extensión 118 p. :
Otras características físicas il. ;
Dimensiones 28 cm.
650 #7 - PUNTO DE ACCESO ADICIONAL DE MATERIA--TÉRMINO DE MATERIA
Término de materia o nombre geográfico como elemento de entrada Dibujo del cuerpo humano
Fuente del encabezamiento o término embne
9 (RLIN) 11867
852 ## - LOCALIZACIÓN
Ubicación ES-MaACL
Número de control de estantería E-9079
Sublocalización o colección R.93601
Holdings
Estatus retirado Estado de pérdida Estado de daño No para préstamo Biblioteca de origen Biblioteca actual Ubicación en estantería Fecha de adquisición Fuente de adquisición Total de préstamos Signatura topográfica completa Código de barras Visto por última vez Precio de reemplazo Tipo de ítem Koha
        Biblioteca del Ateneo de Madrid Biblioteca del Ateneo de Madrid Depósito 2 17/01/2008     E-9079 1152415 23/02/2023 23/02/2023 Libro impreso